000 00750nam a22002177a 4500
999 _c17530
_d17530
003 BDDh-ASL
005 20231015025549.0
008 161222b1979 bg a|||| |||| 001 0 eng |
040 _cBDDh-ASL
_dBDDh-ASL
082 _a928.9144
_bALS
100 1 _aAl-Azad, Alauddin
_9142
245 1 2 _aA Study of Life and Short Poems of Iswarchandra Gupta /
260 _aDacca:
_bAsiatic Society of Bangladesh,
_c1979.
300 _aiv, 278p.:
_bill.;
_c24 cm.
440 _aAsiatic Society of Bangladesh publication;
_9143
_vno. 36
500 _aIncludes index
504 _aBibliography: p. [271]-278
504 _aIncludes bibliographical references and index.
650 _2Iswarchandra Gupta
_xLiterature
_xBiography
_zBengal
_zIndia
_9144
942 _2ddc
_cBK